000 00453nam a22001817a 4500
003 MPLRDC
005 20220104143731.0
008 210129b ||||| |||| 00| 0 eng d
020 _a962-17-1047-2
082 _a490.8 BYCJ v.90
100 _a梁觉著
245 _a世纪末心理趋势; 90
_c
260 _a
_b博益出版集团有限公司
_c
300 _b
490 _a博益财经商管系列
650 _a
942 _cBK
_o490.8 BYCJ v.90
999 _c42813
_d42803